| 000 | 01260nam a22003137a 4500 | ||
|---|---|---|---|
| 005 | 20240530110353.0 | ||
| 008 | 141228s2010 ua g b 000 0 ara d | ||
| 017 |
_a19608 _bمصر . دار الكتب المصرية |
||
| 020 | _a9770526398 | ||
| 040 | _aEG-CaGPL | ||
| 041 | 0 | _aara | |
| 082 | 0 | 4 |
_221 _a153.1\ _bم م |
| 100 | 0 | _aمنير حسن جمال خليل | |
| 245 | 1 | 0 |
_aمقدمة فى التعلم العلاجى من المنظور المعرفى لذوى الحاجات الخاصة / _cاعداد منير حسن جمال خليل ، امل محمود السيد الدوه |
| 250 | _aط 1 | ||
| 260 |
_aالقاهرة : _bمكتبة الانجلو المصرية ، _c2010 |
||
| 300 |
_a168 ص ؛ _c24 سم |
||
| 504 | _aببليوجرافية : ص 165 - 168 | ||
| 650 | 0 | 4 | _aالاطفال المعوقون |
| 650 | 0 | 4 | _aالذاكرة |
| 650 | 0 | 4 | _aالانتباه |
| 650 | 0 | 4 | _aالمرشد النفسى |
| 650 | 0 | 4 |
_aالاطفال المعوقون _xرعاية وعلاج |
| 650 | 0 | 4 |
_aالاطفال المعوقون _xتعليم |
| 650 | 0 | 4 | _aالتعلم العلاجى |
| 700 | 0 |
_aامل محمود السيد الدوه _eمؤلف مشارك |
|
| 942 |
_2ddc _cBK |
||
| 999 |
_c60105 _d60105 |
||